<?xml version="1.0" encoding="UTF-8"?>
<record
    xmlns:xsi="http://www.w3.org/2001/XMLSchema-instance"
    xsi:schemaLocation="http://www.loc.gov/MARC21/slim http://www.loc.gov/standards/marcxml/schema/MARC21slim.xsd"
    xmlns="http://www.loc.gov/MARC21/slim">

  <leader>01492    a2200289   4500</leader>
  <datafield tag="999" ind1=" " ind2=" ">
    <subfield code="c">95708</subfield>
    <subfield code="d">95708</subfield>
  </datafield>
  <controlfield tag="003">NALT</controlfield>
  <controlfield tag="005">20221111091243.0</controlfield>
  <controlfield tag="008">190215b        th ||||| |||| 00| 0 tha d</controlfield>
  <datafield tag="020" ind1=" " ind2=" ">
    <subfield code="a">9786167885674</subfield>
  </datafield>
  <datafield tag="040" ind1=" " ind2=" ">
    <subfield code="a">NALT</subfield>
  </datafield>
  <datafield tag="041" ind1="1" ind2=" ">
    <subfield code="a">tha</subfield>
    <subfield code="h">eng</subfield>
  </datafield>
  <datafield tag="050" ind1=" " ind2=" ">
    <subfield code="a">HD 87</subfield>
    <subfield code="b">&#xE2E;469&#xE17; 2561</subfield>
  </datafield>
  <datafield tag="100" ind1="1" ind2=" ">
    <subfield code="a">&#xE2D;&#xE35;&#xE2A;&#xE40;&#xE15;&#xE2D;&#xE23;&#xE4C;&#xE25;&#xE35;, &#xE27;&#xE34;&#xE25;&#xE40;&#xE25;&#xE35;&#xE22;&#xE21; </subfield>
    <subfield code="9">37307</subfield>
  </datafield>
  <datafield tag="245" ind1="1" ind2="0">
    <subfield code="a">&#xE17;&#xE23;&#xE23;&#xE32;&#xE0A;&#xE22;&#xE4C;&#xE40;&#xE17;&#xE04;&#xE42;&#xE19;&#xE40;&#xE04;&#xE23;&#xE15; : &#xE42;&#xE25;&#xE01;&#xE01;&#xE32;&#xE23;&#xE1E;&#xE31;&#xE12;&#xE19;&#xE32;&#xE43;&#xE15;&#xE49;&#xE40;&#xE07;&#xE32;&#xE40;&#xE1C;&#xE14;&#xE47;&#xE08;&#xE01;&#xE32;&#xE23; =</subfield>
    <subfield code="b">The tyranny of experts : economists, and the forgotten rights of the poor/</subfield>
    <subfield code="c">William Easterly &#xE40;&#xE02;&#xE35;&#xE22;&#xE19; ; &#xE20;&#xE31;&#xE07;&#xE04;&#xE0D;&#xE32;&#xE13; &#xE41;&#xE1B;&#xE25;.</subfield>
  </datafield>
  <datafield tag="246" ind1="3" ind2="1">
    <subfield code="a">The tyranny of experts / </subfield>
  </datafield>
  <datafield tag="250" ind1=" " ind2=" ">
    <subfield code="a">&#xE1E;&#xE34;&#xE21;&#xE1E;&#xE4C;&#xE04;&#xE23;&#xE31;&#xE49;&#xE07;&#xE41;&#xE23;&#xE01;</subfield>
  </datafield>
  <datafield tag="260" ind1=" " ind2=" ">
    <subfield code="a"> &#xE01;&#xE23;&#xE38;&#xE07;&#xE40;&#xE17;&#xE1E;&#xE2F; : </subfield>
    <subfield code="b">&#xE42;&#xE2D;&#xE40;&#xE1E;&#xE48;&#xE19;&#xE40;&#xE27;&#xE34;&#xE25;&#xE14;&#xE4C;&#xE2A; &#xE1E;&#xE31;&#xE1A;&#xE25;&#xE34;&#xE0A;&#xE0A;&#xE34;&#xE48;&#xE07; &#xE40;&#xE2E;&#xE32;&#xE2A;&#xE4C;, </subfield>
    <subfield code="c">2561,</subfield>
  </datafield>
  <datafield tag="300" ind1=" " ind2=" ">
    <subfield code="a">566 &#xE2B;&#xE19;&#xE49;&#xE32; :</subfield>
    <subfield code="b">&#xE20;&#xE32;&#xE1E;&#xE1B;&#xE23;&#xE30;&#xE01;&#xE2D;&#xE1A; ;</subfield>
    <subfield code="c">21 &#xE0B;&#xE21;.</subfield>
  </datafield>
  <datafield tag="650" ind1=" " ind2="0">
    <subfield code="a">&#xE19;&#xE42;&#xE22;&#xE1A;&#xE32;&#xE22;&#xE40;&#xE28;&#xE23;&#xE29;&#xE10;&#xE01;&#xE34;&#xE08;            </subfield>
    <subfield code="9">30752</subfield>
  </datafield>
  <datafield tag="650" ind1=" " ind2="4">
    <subfield code="9">37310</subfield>
    <subfield code="a">&#xE19;&#xE42;&#xE22;&#xE1A;&#xE32;&#xE22;&#xE40;&#xE28;&#xE23;&#xE29;&#xE10;&#xE01;&#xE34;&#xE08;</subfield>
    <subfield code="x">&#xE41;&#xE07;&#xE48;&#xE2A;&#xE31;&#xE07;&#xE04;&#xE21; </subfield>
    <subfield code="x">&#xE1B;&#xE23;&#xE30;&#xE40;&#xE17;&#xE28;&#xE17;&#xE35;&#xE48;&#xE01;&#xE33;&#xE25;&#xE31;&#xE07;&#xE1E;&#xE31;&#xE12;&#xE19;&#xE32;  </subfield>
  </datafield>
  <datafield tag="650" ind1=" " ind2="4">
    <subfield code="9">37311</subfield>
    <subfield code="a">&#xE04;&#xE27;&#xE32;&#xE21;&#xE08;&#xE19;</subfield>
    <subfield code="x">&#xE41;&#xE07;&#xE48;&#xE40;&#xE28;&#xE23;&#xE29;&#xE10;&#xE01;&#xE34;&#xE08; </subfield>
    <subfield code="x">&#xE1B;&#xE23;&#xE30;&#xE40;&#xE17;&#xE28;&#xE17;&#xE35;&#xE48;&#xE01;&#xE33;&#xE25;&#xE31;&#xE07;&#xE1E;&#xE31;&#xE12;&#xE19;&#xE32;</subfield>
  </datafield>
  <datafield tag="700" ind1="1" ind2=" ">
    <subfield code="9">37308</subfield>
    <subfield code="a">Easterly, William </subfield>
  </datafield>
  <datafield tag="700" ind1="0" ind2=" ">
    <subfield code="9">37309</subfield>
    <subfield code="a">&#xE20;&#xE31;&#xE07;&#xE04;&#xE0D;&#xE32;&#xE13; </subfield>
  </datafield>
  <datafield tag="850" ind1=" " ind2=" ">
    <subfield code="a">NALT</subfield>
  </datafield>
  <datafield tag="942" ind1=" " ind2=" ">
    <subfield code="2">lcc</subfield>
    <subfield code="c">GB</subfield>
  </datafield>
  <datafield tag="998" ind1=" " ind2=" ">
    <subfield code="a">phon</subfield>
    <subfield code="b">phon</subfield>
    <subfield code="c">phon</subfield>
    <subfield code="j">1020</subfield>
    <subfield code="k"> &#xE08;&#xE33;&#xE40;&#xE23;&#xE35;&#xE22;&#xE07; &#xE23;&#xE30;&#xE27;&#xE31;&#xE07;&#xE2A;&#xE33;&#xE42;&#xE23;&#xE07;</subfield>
  </datafield>
  <datafield tag="952" ind1=" " ind2=" ">
    <subfield code="0">0</subfield>
    <subfield code="1">0</subfield>
    <subfield code="2">lcc</subfield>
    <subfield code="4">0</subfield>
    <subfield code="7">0</subfield>
    <subfield code="8">CGBL</subfield>
    <subfield code="a">NALT</subfield>
    <subfield code="b">NALT</subfield>
    <subfield code="c">GEN</subfield>
    <subfield code="d">2019-02-11</subfield>
    <subfield code="e">3</subfield>
    <subfield code="l">0</subfield>
    <subfield code="o">HD 87 &#xE2E;469&#xE17; 2561</subfield>
    <subfield code="p">3961209931</subfield>
    <subfield code="r">2019-02-21 00:00:00</subfield>
    <subfield code="w">2019-02-11</subfield>
    <subfield code="y">GB</subfield>
  </datafield>
</record>
